000 00659nam a2200265Ia 4500
005 20260121170253.0
008 008 260114s9999 xx 000 0 eng d
020 _a9783319715629
037 _aEBOOK
040 _aCRL
040 _beng
040 _cCRL
041 _2eng
041 _aeng
084 _qCRL
100 _aGail Crimmins
_91061857
245 0 _aTheatricalising Narrative Research on Women Casual Academics
260 _bSpringer
260 _bSpringer
260 _c2018
856 _uhttps://link.springer.com/openurl?genre=book&isbn=978-3-319-71562-9
942 _cEBOOK
999 _c1627586
_d1627586